000 00675nam a2200265Ia 4500
005 20260121165220.0
008 008 260114s9999 xx 000 0 eng d
020 _a9783319297019
037 _aEBOOK
040 _aCRL
040 _beng
040 _cCRL
041 _2eng
041 _aeng
084 _qCRL
100 _aChristos Skiadas
_91048946
245 4 _aThe Foundations of Chaos Revisited: From Poincaré to Recent Advancements
260 _bSpringer
260 _bSpringer
260 _c2016
856 _uhttps://link.springer.com/openurl?genre=book&isbn=978-3-319-29701-9
942 _cEBOOK
999 _c1614671
_d1614671